Tajemství hladiny. Hermeneutika živého

Salvato in:
Dettagli Bibliografici
Autore principale: Markoš, Anton (Autore)
Natura: Libro
Lingua:ceco
Pubblicazione: Praha : Dokořán, 2003
Soggetti:
Tags: Aggiungi Tag
Nessun Tag, puoi essere il primo ad aggiungerne!!

MARC

LEADER 00000nam a22000003a 4500
001 stu127469
005 20150617225903.7
008 061005s2003------------------------cze-d
020 |a 80-86569-67-5 
040 |a STU  |b slo 
041 0 |a cze 
100 1 |a Markoš, Anton  |4 aut 
245 1 |a Tajemství hladiny. Hermeneutika živého 
260 |a Praha :  |b Dokořán,  |c 2003 
300 |a 347 s 
650 7 |a hermeneutika  |2 stusub 
650 7 |a biologické prejavy  |2 stusub 
650 7 |a historická povaha poznania  |2 stusub 
650 7 |a vedy spoločenské  |2 stusub 
996 |b 284AU03164  |c A*4792 U  |l AAKNAR  |s A  |a 24  |w stu127469_0001